Associe les villes et les départements (facile) - Statistiques

Statistiques générales
  • Ce quiz a été pris 100 fois
  • Le résultat moyen est 14 sur 20
Statistiques - réponses
Ville Département % Correct
Aix-en-Provence Bouches-du-Rhône
100%
Caen Calvados
100%
Porto-Vecchio Corse-du-Sud
100%
Brest Finistère
100%
Béziers Hérault
100%
Grenoble Isère
100%
Calais Pas-de-Calais
100%
Biarritz Pyrénées-Atlantiques
100%
Cherbourg-en-Cotentin Manche
93%
Reims Marne
93%
Lorient Morbihan
93%
Le Mans Sarthe
92%
Belfort Territoire de Belfort
91%
Nîmes Gard
90%
Toulouse Haute-Garonne
90%
Toulon Var
90%
Évry-Courcouronnes Essonne
89%
Calvi Haute-Corse
89%
Orléans Loiret
89%
Villeurbanne Rhône
89%
Amiens Somme
89%
Auch Gers
88%
Dunkerque Nord
88%
Pointe-à-Pitre Guadeloupe
86%
Mende Lozère
86%
Niort Deux-Sèvres
85%
Versailles Yvelines
85%
Vichy Allier
83%
Strasbourg Bas-Rhin
83%
Nancy Meurthe-et-Moselle
83%
Albertville Savoie
83%
Saint-Nazaire Loire-Atlantique
82%
Fort-de-France Martinique
82%
Clermont-Ferrand Puy-de-Dôme
81%
Aurillac Cantal
80%
Lourdes Hautes-Pyrénées
80%
Aulnay-sous-Bois Seine-Saint-Denis
79%
Épinal Vosges
79%
Troyes Aube
78%
Mamoudzou Mayotte
78%
Montauban Tarn-et-Garonne
78%
Orange Vaucluse
78%
Châteauroux Indre
77%
Nevers Nièvre
77%
Cannes Alpes-Maritimes
76%
Montélimar Drôme
75%
Chartres Eure-et-Loir
75%
Meaux Seine-et-Marne
75%
Beaune Côte-d'Or
74%
Mulhouse Haut-Rhin
73%
Tours Indre-et-Loire
73%
Blois Loir-et-Cher
73%
Beauvais Oise
71%
Cognac Charente
70%
Bourges Cher
70%
Le Puy-en-Velay Haute-Loire
70%
Briançon Hautes-Alpes
70%
Cahors Lot
70%
Les Sables-d'Olonne Vendée
70%
Narbonne Aude
69%
Chamonix Haute-Savoie
69%
Charleville-Mézières Ardennes
67%
Cayenne Guyane
67%
Vesoul Haute-Saône
67%
Nanterre Hauts-de-Seine
67%
Lons-le-Saunier Jura
67%
Évreux Eure
65%
Dieppe Seine-Maritime
65%
Poitiers Vienne
65%
Sochaux Doubs
64%
Saint-Malo Ille-et-Vilaine
64%
Millau Aveyron
63%
Rochefort Charente-Maritime
63%
Brive-la-Gaillarde Corrèze
63%
Laval Mayenne
63%
Castres Tarn
63%
Arcachon Gironde
62%
Verdun Meuse
60%
Le Tampon La Réunion
58%
Agen Lot-et-Garonne
58%
Mâcon Saône-et-Loire
57%
Guéret Creuse
56%
Limoges Haute-Vienne
56%
Alençon Orne
56%
Orly Val-de-Marne
56%
Foix Ariège
50%
Pontoise Val-d'Oise
50%
Sens Yonne
50%
Nantua Ain
45%
Mont-de-Marsan Landes
44%
Perpignan Pyrénées-Orientales
44%
Digne-les-Bains Alpes-de-Haute-Provence
42%
Annonay Ardèche
41%
Guingamp Côtes-d'Armor
40%
Périgueux Dordogne
36%
Roanne Loire
36%
Saumur Maine-et-Loire
31%
Laon Aisne
29%
Sarreguemines Moselle
25%
Saint-Dizier Haute-Marne
0%
Aucun quiz correspondant
Distribution des résultats
% des personnes avec chaque résultat
Percentile par nombre de réponses
Votre historique - résultats
Vous n’avez pas pris ce quiz